000
00316 a2200133 4500
001
151022
040
_c
Escola São Tomás de Aquino
100
_a
MACHADO, Ana Maria
240
1
0
_a
João Bobo
_l
por
245
1
0
_a
João Bobo
362
0
_a
1996
697
_a
Contos de Fadas e Clássicos da Literatura
942
_c
BK
999
_c
151022
_d
151022